00387nam a2200145Ia 450000500170000000800410001702000180005808200200007610000370009624500380013325000120017126000370018330000120022044000090023220241029174900.0240126s9999 xx 000 0 und d a9780470096222 a158.3 BRO;1 R aBrown, Steven D. Lent, Robert W. 0aHandbook of counseling psychology a4th ed. bJohn & Wiley sonsaHobokenc2008 axv, 639 aNULL